| 000 | 01433nam a22003737i 4500 | ||
|---|---|---|---|
| 003 | EG-ScBUE | ||
| 005 | 20220721095915.0 | ||
| 008 | 200219s2014 enka f b 001 0 eng d | ||
| 020 | _a9780198703631 | ||
| 040 |
_aEG-ScBUE _beng _erda _cEG-ScBUE _dEG-ScBUE |
||
| 043 |
_ae-ur--- _aa-cc--- |
||
| 082 | 0 | 4 |
_a330.904 _222 _bPOP |
| 100 | 1 |
_aPopov, V. V. _q(Vladimir Viktorovich) _eauthor. |
|
| 245 | 1 | 0 |
_aMixed fortunes : _ban economic history of China, Russia, and the West / _cVladimir Popov. |
| 250 | _aFirst edition. | ||
| 264 | 1 |
_aOxford : _bOxford University Press, _c2014. |
|
| 300 |
_aix, 191 pages : _billustrations ; _c25 cm |
||
| 336 |
_atext _2rdacontent _btxt |
||
| 337 |
_aunmediated _2rdamedia _bn |
||
| 338 |
_avolume _2rdacarrier _bnc |
||
| 504 | _aIncludes bibliographical references and index. | ||
| 650 | 7 |
_aCivilization, Western. _2BUEsh |
|
| 650 | 7 |
_aEconomic development _xHistory. _2BUEsh |
|
| 651 | 7 |
_aWestern countries _xEconomic conditions. _2BUEsh |
|
| 651 | 7 |
_aChina _xEconomic policy. _2BUEsh |
|
| 651 | 7 |
_aSoviet Union _xEconomic policy. _2BUEsh |
|
| 651 | 7 |
_aRussia _xEconomic policy. _2BUEsh |
|
| 651 | 7 |
_aDeveloping countries _xEconomic conditions. _2BUEsh |
|
| 653 |
_bBUSECO _cJuly2022 |
||
| 655 |
_vReading book _934232 |
||
| 906 |
_a7 _bcbc _corignew _d2 _eepcn _f20 _gy-gencatlg |
||
| 942 |
_2ddc _cBB |
||
| 999 |
_c29901 _d29872 |
||